000 00332pab a2200157 454500
008 180718b2014 xxu||||| |||| 00| 0 eng d
100 _aNarayanan, Rama
245 _aCreating the connect
260 _c2014
300 _ap.38-41.
362 _aSep
650 _aTribes
773 _aSeminar
908 _aN
909 _a105395
999 _c105390
_d105390